[Event "DEM U10 2011"]
[Site "Oberhof GER"]
[Date "2011.06.12"]
[Round "1"]
[White "Gungl, Theo"]
[Black "Heckmann, Till"]
[Result "1-0"]
[Termination "normal"]
[Board "1"]
[WhiteElo "1736"]
[BlackElo "1157"]
[PlyCount "79"]
[WhiteFideId "24695653"]
[BlackFideId "12987093"]
[EventCountry "GER"]
[EventRounds "11"]
[EventType "swiss"]
[EventDate "2011.06.11"]

1. e4 e5 2. Nf3 Nc6 3. Bb5 a6 4. Bxc6 dxc6 5. O-O Bg4 6. h3 h5 7. d3 Bc5 8.
hxg4 hxg4 9. Bg5 f6 10. Be3 Bxe3 11. fxe3 gxf3 12. Qxf3 Qd7 13. Nd2 O-O-O 14.
Nb3 b6 15. a4 a5 16. Qf5 Qxf5 17. exf5 Ne7 18. e4 g6 19. fxg6 Nxg6 20. Rxf6 Ne7
21. Re6 Rh7 22. Rf1 Rdh8 23. Rff6 Kd7 24. Rxe5 Rg8 25. Nd4 Rhg7 26. Rf2 Kd6 27.
Re6+ Kd7 28. Ref6 c5 29. Nf5 Nxf5 30. R6xf5 Rg3 31. Rf7+ Kc6 32. e5 Kd5 33. Re2
Re8 34. Rf5 Ke6 35. Rf6+ Ke7 36. Rh6 Reg8 37. e6 R8g7 38. Rh5 R3g4 39. Rd5 Rxa4
40. Rd7+ 1-0

[Event "DEM U10 2011"]
[Site "Oberhof GER"]
[Date "2011.06.12"]
[Round "1"]
[White "Cejda, Cecilia"]
[Black "Baberz, Alexander"]
[Result "0-1"]
[Termination "normal"]
[Board "2"]
[WhiteElo "1130"]
[BlackElo "1854"]
[PlyCount "76"]
[WhiteFideId "12921122"]
[BlackFideId "12921734"]
[EventCountry "GER"]
[EventRounds "11"]
[EventType "swiss"]
[EventDate "2011.06.11"]

1. e4 c5 2. Nf3 d6 3. d4 cxd4 4. Nxd4 Nf6 5. Nc3 a6 6. Bc4 e6 7. Bg5 Be7 8. Qe2
Nxe4 9. Bxe7 Nxc3 10. Bxd8 Nxe2 11. Nxe2 Kxd8 12. O-O-O Ke7 13. Rhe1 b5 14. Bd3
Bb7 15. Ng3 g6 16. Be4 Bxe4 17. Nxe4 Rd8 18. Ng5 Nc6 19. Nxh7 f6 20. Rd3 Rh8
21. Rc3 Rac8 22. Rh3 Kf7 23. Rd1 d5 24. Rdd3 Kg7 25. Nxf6 Kxf6 26. Rdf3+ Kg7
27. Rhg3 Nd4 28. Re3 Nf5 29. Rxe6 Nxg3 30. fxg3 Rxh2 31. Rxa6 Rxg2 32. Ra7+ Kh6
33. Ra5 Rcxc2+ 34. Kb1 Rcf2 35. a3 Rxb2+ 36. Ka1 Ra2+ 37. Kb1 Raf2 38. Rxb5
Rf1# 0-1

[Event "DEM U10 2011"]
[Site "Oberhof GER"]
[Date "2011.06.12"]
[Round "1"]
[White "Schmidek, Emil"]
[Black "Kopylov, Daniel"]
[Result "1-0"]
[Termination "normal"]
[Board "3"]
[WhiteElo "1719"]
[BlackElo "1130"]
[PlyCount "61"]
[WhiteFideId "12908150"]
[BlackFideId "12921971"]
[EventCountry "GER"]
[EventRounds "11"]
[EventType "swiss"]
[EventDate "2011.06.11"]

1. e4 c5 2. Nf3 d6 3. d4 cxd4 4. Nxd4 Nf6 5. Nc3 g6 6. Be3 Bg7 7. f3 O-O 8. Bc4
Qb6 9. Bb3 e5 10. Nf5 Qc7 11. Nxg7 Kxg7 12. Qd2 Kg8 13. O-O-O Rd8 14. Bg5 Nbd7
15. Nd5 Qc6 16. Ne7+ Kg7 17. Nxc6 bxc6 18. Qxd6 Bb7 19. Bxf6+ Nxf6 20. Qxd8
Rxd8 21. Rxd8 Nh5 22. Rd7 Ba6 23. Rxf7+ Kh6 24. Rxa7 Bc8 25. Bg8 Nf6 26. Bc4
Nh5 27. Rd1 Nf4 28. Rd8 Be6 29. Bxe6 Nxe6 30. Rh8 Ng5 31. h4 1-0

[Event "DEM U10 2011"]
[Site "Oberhof GER"]
[Date "2011.06.12"]
[Round "1"]
[White "Riegel, Arinna"]
[Black "Reuker, Jari"]
[Result "0-1"]
[Termination "normal"]
[Board "4"]
[WhiteElo "1118"]
[BlackElo "1647"]
[PlyCount "76"]
[WhiteFideId "12931446"]
[BlackFideId "12909300"]
[EventCountry "GER"]
[EventRounds "11"]
[EventType "swiss"]
[EventDate "2011.06.11"]

1. e4 c5 2. Nf3 e6 3. g3 Nc6 4. Bg2 g6 5. O-O Bg7 6. c3 e5 7. d3 Nge7 8. Be3 d6
9. Nbd2 O-O 10. Qc2 f5 11. Qb3+ Kh8 12. Bg5 Rb8 13. Nc4 Be6 14. Nfd2 b5 15.
Bxe7 Nxe7 16. Qa3 bxc4 17. Nxc4 Bxc4 18. dxc4 Qb6 19. b3 f4 20. Qc1 Qb7 21.
gxf4 Rxf4 22. Qd2 Qd7 23. Qe3 Rbf8 24. Qg3 Qg4 25. Qxg4 Rxg4 26. Rad1 Rf6 27.
b4 cxb4 28. cxb4 Nc6 29. b5 Nd4 30. a4 Bh6 31. a5 Rf7 32. b6 axb6 33. axb6 Bf4
34. Rb1 Rb7 35. h3 Rg5 36. Kh1 Bd2 37. Rfd1 Ba5 38. Rd2 Bxd2 0-1

[Event "DEM U10 2011"]
[Site "Oberhof GER"]
[Date "2011.06.12"]
[Round "1"]
[White "Poghosyan, Tigran"]
[Black "Arnhold, Steffi"]
[Result "1-0"]
[Termination "normal"]
[Board "5"]
[WhiteElo "1685"]
[BlackElo "1117"]
[PlyCount "87"]
[WhiteFideId "12909319"]
[BlackFideId "12931365"]
[EventCountry "GER"]
[EventRounds "11"]
[EventType "swiss"]
[EventDate "2011.06.11"]

1. e4 c5 2. Nf3 d6 3. d4 cxd4 4. Qxd4 a6 5. Bg5 Nc6 6. Qd2 Qc7 7. Nc3 e6 8. Be2
Be7 9. Bxe7 Ngxe7 10. Rd1 Ng6 11. Qxd6 Qxd6 12. Rxd6 Nf4 13. g3 Nxe2 14. Kxe2
Ke7 15. Rhd1 Rd8 16. Rxd8 Nxd8 17. Nd4 b5 18. f4 Bb7 19. Ke3 Rc8 20. a3 Rc4 21.
Rd3 Nc6 22. Nxc6+ Bxc6 23. Rd4 Rc5 24. g4 a5 25. h4 e5 26. fxe5 Rxe5 27. Nd5+
Ke6 28. Nc7+ Ke7 29. b4 axb4 30. axb4 g6 31. Kf4 f6 32. g5 f5 33. Kxe5 Bxe4 34.
Nxb5 Bxc2 35. Na7 Be4 36. b5 Bb7 37. Rd6 f4 38. Nc6+ Bxc6 39. bxc6 f3 40. c7 f2
41. c8=Q f1=Q 42. Qe6+ Kf8 43. Rd8+ Kg7 44. Rg8# 1-0

[Event "DEM U10 2011"]
[Site "Oberhof GER"]
[Date "2011.06.12"]
[Round "1"]
[White "Adler, Jakob"]
[Black "Mätzkow, Maximilian Paul"]
[Result "0-1"]
[Termination "normal"]
[Board "6"]
[WhiteElo "1111"]
[BlackElo "1597"]
[PlyCount "44"]
[BlackFideId "24679933"]
[EventCountry "GER"]
[EventRounds "11"]
[EventType "swiss"]
[EventDate "2011.06.11"]

1. e4 c5 2. Nf3 g6 3. d4 cxd4 4. Nxd4 Bg7 5. Nc3 Nc6 6. Be3 Nf6 7. Be2 O-O 8.
O-O d5 9. f3 e5 10. Nxc6 bxc6 11. exd5 cxd5 12. Bg5 Bb7 13. Bd3 Rb8 14. Rb1
Qb6+ 15. Kh1 Rfd8 16. Qd2 Rd6 17. Bh6 e4 18. fxe4 dxe4 19. h3 exd3 20. cxd3 Qc6
21. Rg1 Qd7 22. Bxg7 Qxh3# 0-1

[Event "DEM U10 2011"]
[Site "Oberhof GER"]
[Date "2011.06.12"]
[Round "1"]
[White "Ackermann, Constantin"]
[Black "Kuhn, Magnus"]
[Result "0-1"]
[Termination "normal"]
[Board "8"]
[WhiteElo "1103"]
[BlackElo "1579"]
[PlyCount "30"]
[BlackFideId "12926345"]
[EventCountry "GER"]
[EventRounds "11"]
[EventType "swiss"]
[EventDate "2011.06.11"]

1. e4 e5 2. Nf3 Nc6 3. Bc4 Bc5 4. O-O Nf6 5. Nc3 O-O 6. d3 d6 7. Ne2 Bg4 8. Ng3
Nd4 9. h3 Nxf3+ 10. gxf3 Bxh3 11. Re1 h6 12. Kh2 Be6 13. Qe2 Nh5 14. Rg1 Qh4+
15. Kg2 Qh3# 0-1

[Event "DEM U10 2011"]
[Site "Oberhof GER"]
[Date "2011.06.12"]
[Round "1"]
[White "Fieberg, Samuel"]
[Black "Santos, Leonardo"]
[Result "1-0"]
[Termination "normal"]
[Board "9"]
[WhiteElo "1762"]
[BlackElo "1100"]
[PlyCount "95"]
[WhiteFideId "12901717"]
[BlackFideId "12965049"]
[EventCountry "GER"]
[EventRounds "11"]
[EventType "swiss"]
[EventDate "2011.06.11"]

1. e4 c5 2. Nf3 d6 3. d4 cxd4 4. Nxd4 Nf6 5. Nc3 g6 6. Be2 Bg7 7. Be3 O-O 8.
O-O Nc6 9. f4 Bd7 10. h3 Nxd4 11. Bxd4 e6 12. Qd3 Rc8 13. Rad1 Rc6 14. Bf3 Rc8
15. Rd2 a6 16. Rfd1 Bc6 17. Qe3 Qe7 18. Bxf6 Bxf6 19. Rxd6 Rfd8 20. e5 Rxd6 21.
Rxd6 Bg7 22. Qc5 f6 23. Bxc6 fxe5 24. fxe5 Qh4 25. Rxe6 Bh6 26. Qf2 Qxf2+ 27.
Kxf2 Rxc6 28. Rxc6 bxc6 29. Kf3 Kf7 30. Ke4 Ke6 31. Na4 Bf8 32. a3 h6 33. b4
Be7 34. c4 Bf8 35. Nb2 Be7 36. Nd3 Bf8 37. a4 Be7 38. b5 axb5 39. axb5 cxb5 40.
cxb5 Bd8 41. Nf4+ Ke7 42. Nd5+ Ke6 43. b6 Kd7 44. b7 g5 45. b8=Q g4 46. Qb7+
Ke8 47. e6 gxh3 48. Qf7# 1-0

[Event "DEM U10 2011"]
[Site "Oberhof GER"]
[Date "2011.06.12"]
[Round "1"]
[White "Könze, Heike"]
[Black "Laubrock, Paul"]
[Result "0-1"]
[Termination "normal"]
[Board "10"]
[WhiteElo "1093"]
[BlackElo "1546"]
[PlyCount "50"]
[WhiteFideId "12964476"]
[BlackFideId "1270509"]
[EventCountry "GER"]
[EventRounds "11"]
[EventType "swiss"]
[EventDate "2011.06.11"]

1. e4 c5 2. d4 cxd4 3. c3 dxc3 4. Nxc3 Nc6 5. Bc4 d6 6. Nf3 Nf6 7. O-O Bg4 8.
h3 Bh5 9. Bg5 Qa5 10. Qd3 Bxf3 11. Bxf6 Bxg2 12. Kxg2 gxf6 13. Kh1 Qc5 14. Qe2
Bh6 15. Rad1 e6 16. b3 O-O-O 17. Na4 Qg5 18. Rg1 Qh4 19. Qf3 Ne5 20. Qg2 Rhg8
21. Qf1 Rxg1+ 22. Qxg1 Qxh3+ 23. Qh2 Qf3+ 24. Kg1 Rg8+ 25. Kf1 Qxd1# 0-1

[Event "DEM U10 2011"]
[Site "Oberhof GER"]
[Date "2011.06.12"]
[Round "1"]
[White "Kölz, Niklas"]
[Black "Nguyen, Ha Thanh"]
[Result "1-0"]
[Termination "normal"]
[Board "11"]
[WhiteElo "1479"]
[BlackElo "1092"]
[PlyCount "81"]
[WhiteFideId "12971758"]
[BlackFideId "12942154"]
[EventCountry "GER"]
[EventRounds "11"]
[EventType "swiss"]
[EventDate "2011.06.11"]

1. c4 e6 2. g3 Nf6 3. Bg2 Bc5 4. Nc3 Nc6 5. e3 d5 6. d4 Bb4 7. Nge2 dxc4 8. O-O
O-O 9. a3 Bxc3 10. Nxc3 Na5 11. Qa4 c6 12. Rd1 b5 13. Nxb5 cxb5 14. Qxb5 Bd7
15. Qb4 Rb8 16. Qc3 Ba4 17. Re1 Nd5 18. Bxd5 exd5 19. e4 dxe4 20. Rxe4 Bc6 21.
Re5 Rb3 22. Qxa5 Qxa5 23. Rxa5 Re8 24. Be3 Rxb2 25. Rc5 Bb5 26. d5 Rd8 27. d6
f6 28. Rd1 Ba4 29. Rdd5 Rb1+ 30. Kg2 Bb3 31. d7 Kf7 32. Rc8 Ke7 33. Bc5+ Ke6
34. Rxd8 c3 35. Rd6+ Kf5 36. Re8 c2 37. Be3 Rd1 38. d8=Q Ba4 39. Qa5+ Kg6 40.
g4 Rxd6 41. Qh5# 1-0

[Event "DEM U10 2011"]
[Site "Oberhof GER"]
[Date "2011.06.12"]
[Round "1"]
[White "Rau, Jennifer"]
[Black "Buckels, Valentin"]
[Result "0-1"]
[Termination "normal"]
[Board "12"]
[WhiteElo "1092"]
[BlackElo "1475"]
[PlyCount "104"]
[WhiteFideId "12983276"]
[BlackFideId "12942766"]
[EventCountry "GER"]
[EventRounds "11"]
[EventType "swiss"]
[EventDate "2011.06.11"]

1. e4 c5 2. d4 cxd4 3. c3 dxc3 4. Nxc3 Nc6 5. Bc4 d6 6. Nf3 Bg4 7. Qb3 e6 8.
Qxb7 Rc8 9. Bb5 Qd7 10. Qxd7+ Kxd7 11. Nd4 Nge7 12. O-O e5 13. Nc2 Rb8 14. Bd2
Kc7 15. Bxc6 Nxc6 16. Nd5+ Kd7 17. b3 Be2 18. Rfe1 Bd3 19. Na3 Nd4 20. Rac1 Rb7
21. Bc3 Ne2+ 22. Kh1 Nxc1 23. Rxc1 Bxe4 24. Ne3 d5 25. Nac2 d4 26. Rd1 Bd6 27.
Bxd4 Bxc2 28. Nxc2 exd4 29. Rxd4 Rc7 30. Rd2 Rhc8 31. g3 Rxc2 32. Rxc2 Rxc2 33.
Kg2 Bc5 34. Kh3 Bxf2 35. a4 Bg1 36. b4 f5 37. Kh4 h6 38. Kh5 Rxh2+ 39. Kg6 Rg2
40. Kxf5 Rxg3 41. b5 h5 42. a5 h4 43. a6 h3 44. b6 Bxb6 45. Kf4 Rg1 46. Kf3 h2
47. Kf4 h1=Q 48. Ke5 Qh5+ 49. Ke4 Rg4+ 50. Kf3 Qh3+ 51. Ke2 Rg2+ 52. Kf1 Qh1#
0-1

[Event "DEM U10 2011"]
[Site "Oberhof GER"]
[Date "2011.06.12"]
[Round "1"]
[White "Renger, Niklas"]
[Black "Ratay, Meike"]
[Result "1-0"]
[Termination "normal"]
[Board "13"]
[WhiteElo "1452"]
[BlackElo "1087"]
[PlyCount "39"]
[WhiteFideId "12908096"]
[BlackFideId "12977608"]
[EventCountry "GER"]
[EventRounds "11"]
[EventType "swiss"]
[EventDate "2011.06.11"]

1. e4 e5 2. Nf3 Nc6 3. d4 exd4 4. Bc4 Bc5 5. O-O Nf6 6. e5 Ng8 7. c3 dxc3 8.
Qd5 Qe7 9. Bg5 f6 10. exf6 Nxf6 11. Bxf6 Qxf6 12. Nxc3 d6 13. Ne4 Qf8 14. Nxc5
dxc5 15. Rae1+ Ne7 16. Bb5+ c6 17. Bxc6+ bxc6 18. Qxc6+ Kd8 19. Rd1+ Bd7 20.
Qxd7# 1-0

[Event "DEM U10 2011"]
[Site "Oberhof GER"]
[Date "2011.06.12"]
[Round "1"]
[White "Demme, Miriam"]
[Black "Reimann, Sebastian"]
[Result "0-1"]
[Termination "normal"]
[Board "14"]
[WhiteElo "1086"]
[BlackElo "1442"]
[PlyCount "114"]
[WhiteFideId "12966703"]
[BlackFideId "12928054"]
[EventCountry "GER"]
[EventRounds "11"]
[EventType "swiss"]
[EventDate "2011.06.11"]

1. e4 e5 2. Bc4 Bc5 3. c3 Nf6 4. d3 h6 5. Be3 Bb6 6. Nf3 d6 7. Nbd2 c6 8. Bb3
Ng4 9. d4 O-O 10. h3 Nxe3 11. fxe3 Kh8 12. Qe2 exd4 13. exd4 f5 14. O-O-O fxe4
15. Qxe4 Bf5 16. Qe3 Nd7 17. Qe1 Qe8 18. Qg3 Qg6 19. Qh2 d5 20. Nh4 Qf6 21.
Nxf5 Qxf5 22. Rhf1 Qg5 23. Rxf8+ Rxf8 24. Qd6 Rd8 25. g4 Nc5 26. Qg3 Ne4 27.
Qh2 Rf8 28. Kc2 Rf2 29. Qb8+ Kh7 30. Qe5 Qxe5 31. dxe5 Be3 32. e6 Bxd2 33. e7
Bg5+ 34. Kb1 Bxe7 35. c4 dxc4 36. Rd4 Rf1+ 37. Rd1 Rxd1+ 38. Bxd1 Nf2 39. Bc2+
Kg8 40. b3 c3 41. Bf5 Nxh3 42. Be6+ Kf8 43. Bc8 b6 44. Kc2 Bf6 45. Bd7 c5 46.
a3 Nf2 47. Bc6 Nxg4 48. b4 Ne3+ 49. Kd3 c2 50. Kd2 Bb2 51. Kxe3 c1=Q+ 52. Ke4
Bxa3 53. bxc5 Qxc5 54. Bd5 h5 55. Ke5 h4 56. Ke6 Qd4 57. Bh1 b5 0-1

[Event "DEM U10 2011"]
[Site "Oberhof GER"]
[Date "2011.06.12"]
[Round "1"]
[White "Mantel, Ruben"]
[Black "Yankelevich, Michael"]
[Result "1-0"]
[Termination "normal"]
[Board "15"]
[WhiteElo "1437"]
[BlackElo "1083"]
[PlyCount "99"]
[WhiteFideId "12930121"]
[BlackFideId "12921440"]
[EventCountry "GER"]
[EventRounds "11"]
[EventType "swiss"]
[EventDate "2011.06.11"]

1. e4 e5 2. Nf3 Nc6 3. Bb5 Nf6 4. Nc3 a6 5. Bxc6 dxc6 6. Nxe5 Qd4 7. Nf3 Qd8 8.
O-O Bg4 9. d3 Be7 10. Bf4 Bd6 11. e5 Nh5 12. Bg3 Nxg3 13. fxg3 Be7 14. Qd2 O-O
15. Rae1 Qd7 16. Ne4 f5 17. exf6 Bxf6 18. Nxf6+ Rxf6 19. Qb4 Bxf3 20. Rxf3 Rxf3
21. gxf3 b6 22. Re7 Qd5 23. Qe4 Qxe4 24. fxe4 Rc8 25. Kf2 h6 26. d4 Kh7 27. c4
Rd8 28. d5 cxd5 29. exd5 Rf8+ 30. Ke2 Rc8 31. Kd3 Kg6 32. Kd4 Kf6 33. Re6+ Kf7
34. Rc6 Ke7 35. c5 Kd7 36. cxb6 cxb6 37. Rxc8 Kxc8 38. d6 Kd7 39. Kd5 g5 40. g4
a5 41. a4 Kd8 42. Kc6 Kc8 43. Kxb6 Kd7 44. Kxa5 Kxd6 45. b4 Ke5 46. b5 Kf4 47.
b6 Kxg4 48. b7 Kh3 49. b8=Q h5 50. Qg3# 1-0

[Event "DEM U10 2011"]
[Site "Oberhof GER"]
[Date "2011.06.12"]
[Round "1"]
[White "Köhler, Inken"]
[Black "Wierzbicki, Jirawat"]
[Result "0-1"]
[Termination "normal"]
[Board "16"]
[WhiteElo "1079"]
[BlackElo "1405"]
[PlyCount "118"]
[WhiteFideId "12929301"]
[BlackFideId "1153579"]
[EventCountry "GER"]
[EventRounds "11"]
[EventType "swiss"]
[EventDate "2011.06.11"]

1. e4 e5 2. Nf3 Nc6 3. d4 exd4 4. Nxd4 Bc5 5. Be3 Qf6 6. c3 Nge7 7. Be2 b6 8.
Bf3 Bb7 9. O-O O-O-O 10. Nxc6 Nxc6 11. Qc1 Be7 12. Na3 Ne5 13. Qd1 Nxf3+ 14.
Qxf3 Qxf3 15. gxf3 Rdg8 16. Nb5 Ba6 17. c4 Bxb5 18. cxb5 Bd6 19. h4 Be7 20. h5
Bf6 21. Rab1 g6 22. h6 g5 23. Rfd1 Rg6 24. Kg2 Rxh6 25. Rd5 Rg8 26. Rf5 d6 27.
Rh1 Rxh1 28. Kxh1 Rg6 29. b3 Kd7 30. f4 gxf4 31. Bxf4 Ke6 32. Rh5 Rg4 33. Bg3
Rxe4 34. Rh6 Rb4 35. Rh5 Be5 36. Rh6+ Kd5 37. Bxe5 dxe5 38. Rc6 Rxb5 39. Rxc7
Ra5 40. Rxf7 Rxa2 41. Rxh7 Rxf2 42. Rxa7 Rb2 43. Rd7+ Ke4 44. Rh7 Rxb3 45. Rh4+
Kd3 46. Rh5 e4 47. Rd5+ Ke3 48. Rh5 Kd4 49. Rh8 Rb2 50. Kg1 Ke3 51. Rh3+ Kd2
52. Rh2+ Kc1 53. Rh8 e3 54. Rc8+ Rc2 55. Ra8 e2 56. Re8 Kd1 57. Rf8 e1=Q+ 58.
Rf1 Qxf1+ 59. Kxf1 b5 0-1

[Event "DEM U10 2011"]
[Site "Oberhof GER"]
[Date "2011.06.12"]
[Round "1"]
[White "Fromm, Katja"]
[Black "Volkov, Michael"]
[Result "1-0"]
[Termination "normal"]
[Board "19"]
[WhiteElo "1401"]
[BlackElo "1056"]
[PlyCount "69"]
[WhiteFideId "12929409"]
[EventCountry "GER"]
[EventRounds "11"]
[EventType "swiss"]
[EventDate "2011.06.11"]

1. d4 d5 2. c4 c6 3. Nc3 Nf6 4. Bg5 e6 5. e3 Bd7 6. Bxf6 Qxf6 7. Nf3 Bb4 8. Be2
dxc4 9. Bxc4 O-O 10. O-O Re8 11. Ne2 Bd6 12. Rc1 b5 13. Bd3 Na6 14. a4 Nb8 15.
Qb3 bxa4 16. Qb7 Na6 17. Qxd7 Rad8 18. Qxc6 Nb4 19. Qe4 Nxd3 20. Qxd3 e5 21.
Rc6 e4 22. Qa6 exf3 23. gxf3 Re6 24. Rfc1 h6 25. Qxa4 Qxf3 26. Ng3 Rg6 27. Rc8
Rf8 28. Rxf8+ Kxf8 29. Rc8+ Ke7 30. Qe8+ Kf6 31. Rc6 Qd5 32. f4 Rg4 33. Qd8+
Ke6 34. f5+ Qxf5 35. Qxd6# 1-0

[Event "DEM U10 2011"]
[Site "Oberhof GER"]
[Date "2011.06.12"]
[Round "1"]
[White "ter Stal, Sven"]
[Black "Alekhanov, Jannis"]
[Result "1/2-1/2"]
[Termination "normal"]
[Board "20"]
[WhiteElo "1056"]
[BlackElo "1398"]
[PlyCount "132"]
[WhiteFideId "12946443"]
[BlackFideId "12921238"]
[EventCountry "GER"]
[EventRounds "11"]
[EventType "swiss"]
[EventDate "2011.06.11"]

1. e4 e5 2. Nc3 Bc5 3. Bc4 Nf6 4. Nf3 d6 5. O-O Nc6 6. d3 Bg4 7. h3 Bh5 8. Be3
Nd4 9. Bxd4 Bxd4 10. Rb1 c6 11. Ne2 Bxf3 12. gxf3 Bc5 13. Ng3 a5 14. a4 Qc7 15.
c3 d5 16. Ba2 O-O 17. d4 exd4 18. cxd4 Ba7 19. Re1 c5 20. Rc1 c4 21. Bb1 dxe4
22. fxe4 Qb6 23. Rxc4 Qxb2 24. Re2 Qb6 25. Kh2 Rad8 26. Rd2 Rd7 27. d5 Qd6 28.
Kg2 Qe5 29. Rc1 Rfd8 30. f3 Be3 31. Rcc2 Bxd2 32. Qxd2 h5 33. Qc3 Qxc3 34. Rxc3
g6 35. Rd3 h4 36. Ne2 Nh5 37. Rd1 f5 38. Bd3 Kg7 39. Bb5 Rd6 40. Nc3 Ng3 41. e5
Rb6 42. d6 f4 43. Nd5 Rc6 44. Bxc6 bxc6 45. Nc7 Nf5 46. Ne6+ Kf7 47. Nxd8+ Ke8
48. Nxc6 Ne3+ 49. Kf2 Nxd1+ 50. Ke2 Nc3+ 51. Kd3 Nxa4 52. e6 Nc5+ 53. Kc4 Nxe6
54. Nxa5 Kd7 55. Kd5 Ng5 56. Nb3 Nxf3 57. Nc5+ Kd8 58. Ne6+ Kd7 59. Nxf4 g5 60.
Ke4 Ng1 61. Ng6 Nxh3 62. Kf3 Kxd6 63. Nxh4 Ke5 64. Kg3 Nf4 65. Nf3+ Kf5 66.
Nxg5 Kxg5 1/2-1/2

[Event "DEM U10 2011"]
[Site "Oberhof GER"]
[Date "2011.06.12"]
[Round "1"]
[White "Bachmann, Jonas"]
[Black "Hoffmann, Lennard"]
[Result "0-1"]
[Termination "normal"]
[Board "21"]
[WhiteElo "1396"]
[BlackElo "1044"]
[PlyCount "104"]
[WhiteFideId "12922919"]
[BlackFideId "12943495"]
[EventCountry "GER"]
[EventRounds "11"]
[EventType "swiss"]
[EventDate "2011.06.11"]

1. e4 e5 2. Nf3 Nf6 3. Nxe5 d6 4. Nf3 Nxe4 5. d3 Nf6 6. Nc3 Be7 7. Bf4 O-O 8.
Qd2 Nc6 9. h4 Bg4 10. Be2 Qd7 11. O-O-O a5 12. Ng5 h6 13. Nf3 Nb4 14. d4 Be6
15. a3 Na2+ 16. Nxa2 Bxa2 17. b3 Qc6 18. Kb2 Ne4 19. Qe3 Rfe8 20. Rc1 Bf6 21.
c4 Ng3 22. Qd3 Rxe2+ 23. Nd2 Nxh1 24. Qxe2 Bxd4+ 25. Kxa2 Qxg2 26. Rf1 g5 27.
hxg5 hxg5 28. Qd1 Nxf2 29. Rg1 Nxd1 30. Rxg2 f6 31. Kb1 Re8 32. Nf3 Nc3+ 33.
Kc1 Ne2+ 34. Rxe2 Rxe2 35. Nxd4 Re4 36. Bxg5 fxg5 37. Nf3 g4 38. Nd2 Re1+ 39.
Kc2 g3 40. Nf3 Re3 41. Ng1 g2 42. Kd2 Re8 43. Kd1 Kh7 44. Nh3 Kh6 45. Ng1 Rf8
46. Nh3 Kh5 47. Ke1 Kh4 48. Nf2 g1=Q+ 49. Ke2 Qxf2+ 50. Kd3 Rf3+ 51. Ke4 Qe2+
52. Kd5 Qe5# 0-1

[Event "DEM U10 2011"]
[Site "Oberhof GER"]
[Date "2011.06.12"]
[Round "1"]
[White "Zienert, Richard"]
[Black "Lohrmann, Tabea"]
[Result "1-0"]
[Termination "normal"]
[Board "23"]
[WhiteElo "1374"]
[BlackElo "1039"]
[PlyCount "63"]
[WhiteFideId "12945986"]
[BlackFideId "12911941"]
[EventCountry "GER"]
[EventRounds "11"]
[EventType "swiss"]
[EventDate "2011.06.11"]

1. e4 c6 2. d4 d5 3. Nc3 dxe4 4. Nxe4 Bf5 5. Ng3 Bg6 6. h4 h6 7. h5 Bh7 8. Nh3
Nf6 9. Bf4 Nbd7 10. Qd2 e6 11. O-O-O c5 12. Bb5 Nd5 13. Be5 a6 14. Bxd7+ Qxd7
15. dxc5 Bxc5 16. Bxg7 Rg8 17. Qxh6 Bxf2 18. Qxh7 Ke7 19. Nxf2 Rac8 20. Nf5+
Kd8 21. Qxg8+ Kc7 22. Be5+ Kc6 23. Rxd5 exd5 24. Qxc8+ Qxc8 25. Ne7+ Kd7 26.
Nxc8 Kxc8 27. h6 Kd7 28. h7 Ke6 29. h8=Q Ke7 30. Qf6+ Kd7 31. Qd6+ Ke8 32. Rh8#
1-0

[Event "DEM U10 2011"]
[Site "Oberhof GER"]
[Date "2011.06.12"]
[Round "1"]
[White "Merx, Florian"]
[Black "Muckle, Julius"]
[Result "0-1"]
[Termination "normal"]
[Board "24"]
[WhiteElo "1035"]
[BlackElo "1357"]
[PlyCount "93"]
[WhiteFideId "12942430"]
[BlackFideId "16212304"]
[EventCountry "GER"]
[EventRounds "11"]
[EventType "swiss"]
[EventDate "2011.06.11"]

1. d4 d5 2. c4 dxc4 3. e3 Nc6 4. Bxc4 Bf5 5. Qb3 e6 6. Qxb7 Nge7 7. Bb5 Be4 8.
f3 Bf5 9. Bxc6+ Nxc6 10. Qxc6+ Ke7 11. e4 Bg6 12. Ne2 Rb8 13. Nf4 Qxd4 14.
Qxc7+ Ke8 15. Qxb8+ Kd7 16. Nxg6 hxg6 17. Qb7+ Ke8 18. Nc3 Bc5 19. Qc8+ Ke7 20.
Qxh8 Qf2+ 21. Kd1 Qd4+ 22. Bd2 Qd3 23. Qh4+ f6 24. Qf4 g5 25. Qg3 Be3 26. Qe1
Bf4 27. g3 Bd6 28. Qe2 Qxe2+ 29. Nxe2 Bc5 30. a3 Bd6 31. Bb4 Bxb4 32. axb4 Kf7
33. Rxa7+ Kg6 34. h4 g4 35. Nf4+ Kh7 36. Nxe6 f5 37. Rxg7+ Kh8 38. Rg5 fxe4 39.
Rxg4 e3 40. Ke1 e2 41. Kxe2 Kh7 42. b5 Kh6 43. b6 Kh5 44. Rg5+ Kh6 45. b7 Kh7
46. b8=Q Kh6 47. Qh8# 1-0

[Event "DEM U10 2011"]
[Site "Oberhof GER"]
[Date "2011.06.12"]
[Round "1"]
[White "Schneider, Jana"]
[Black "Staufenberger, Philipp"]
[Result "1-0"]
[Termination "normal"]
[Board "25"]
[WhiteElo "1347"]
[BlackElo "1033"]
[PlyCount "113"]
[WhiteFideId "12924997"]
[BlackFideId "12970883"]
[EventCountry "GER"]
[EventRounds "11"]
[EventType "swiss"]
[EventDate "2011.06.11"]

1. e4 e6 2. d4 d5 3. exd5 exd5 4. Bd3 Bd6 5. Ne2 Nc6 6. c3 Nge7 7. Qc2 Be6 8.
Bf4 Ng6 9. Bxd6 Qxd6 10. Nd2 O-O-O 11. O-O Nh4 12. Ng3 Rdg8 13. Nf5 Nxf5 14.
Bxf5 Bxf5 15. Qxf5+ Qe6 16. Qxe6+ fxe6 17. Rae1 Re8 18. Nf3 Na5 19. Re2 Re7 20.
Rfe1 Rhe8 21. h3 Nc4 22. b3 Nd6 23. Ng5 Kd7 24. Nxh7 Ne4 25. c4 g5 26. Rxe4
dxe4 27. Nf6+ Kd6 28. Nxe8+ Rxe8 29. Rxe4 c5 30. d5 a6 31. dxe6 Rxe6 32. Rxe6+
Kxe6 33. Kf1 Ke5 34. Ke2 Ke4 35. g3 b5 36. cxb5 axb5 37. f3+ Kd4 38. h4 gxh4
39. gxh4 c4 40. bxc4 bxc4 41. Kd2 c3+ 42. Kc2 Ke5 43. a4 Kf4 44. a5 Kxf3 45. a6
Ke2 46. a7 Kf3 47. a8=Q+ Kg4 48. Qd5 Kf4 49. Kxc3 Ke3 50. Qd4+ Kf3 51. Kd3 Kg3
52. Qe4 Kf2 53. Qe3+ Kf1 54. Qd2 Kg1 55. Ke3 Kh1 56. Kf3 Kg1 57. Qg2# 1-0

[Event "DEM U10 2011"]
[Site "Oberhof GER"]
[Date "2011.06.12"]
[Round "1"]
[White "Schmidt, Sarah"]
[Black "Tong, Kevin"]
[Result "0-1"]
[Termination "normal"]
[Board "26"]
[WhiteElo "1032"]
[BlackElo "1345"]
[PlyCount "114"]
[WhiteFideId "12965480"]
[BlackFideId "12913944"]
[EventCountry "GER"]
[EventRounds "11"]
[EventType "swiss"]
[EventDate "2011.06.11"]

1. e4 c5 2. Nf3 d6 3. c3 Nc6 4. Bb5 Nf6 5. e5 dxe5 6. Nxe5 Qc7 7. Nxc6 bxc6 8.
Bc4 e6 9. d4 cxd4 10. cxd4 Bd6 11. Nc3 O-O 12. Bg5 Nd5 13. Bxd5 exd5 14. Rc1
Re8+ 15. Be3 Qb6 16. O-O Qb8 17. g3 Bh3 18. Re1 Qd8 19. Qh5 Qd7 20. a3 Bg4 21.
Qh4 h6 22. Bxh6 gxh6 23. Qxh6 Bf8 24. Qg5+ Bg7 25. b4 Qf5 26. Qxf5 Bxf5 27. b5
Rxe1+ 28. Rxe1 Bxd4 29. Ne2 Bc5 30. bxc6 Rc8 31. Rc1 Bxa3 32. Rc3 Bb4 33. Rc1
Bd3 34. Nd4 Bc4 35. f4 Bc5 36. Rd1 Rxc6 37. Kg2 Bxd4 38. Rxd4 a5 39. Rd2 a4 40.
Rd1 a3 41. Ra1 a2 42. Kf2 Rb6 43. Rxa2 Bxa2 44. h4 f5 45. Kf3 Rb3+ 46. Kf2 d4
47. h5 Kg7 48. Ke2 Rxg3 49. Kf2 d3 50. Kxg3 d2 51. Kf3 d1=Q+ 52. Kf2 Bc4 53.
Kg2 Qf1+ 54. Kg3 Be2 55. Kh2 Bf3 56. Kg3 Qg2+ 57. Kh4 Qg4# 0-1